00781nam a2200193 a 450000100100000000500170001000800410002704000250006808200150009310000350010824500960014326000390023930000210027849000390029950000730033883000460041195201130045799900170057000004403020201002045114.0140513s1966 sp 000 p spa d aDO-SdBNPbspacBNPHU axxxxbxxxx1 aMantero, Manuel,d1930-97201010aPoesía española contemporánea :bestudio y antología (1939-1965) /cManuel Mantero. aBarcelonaaPlaza & Janés,c1966. a622 p. ;c18 cm.1 aSelecciones de poesía española aIncluye referencias bibliográficas y notas al pie de las páginas 0aSelecciones de poesía española969282 001050718MOaGRbGRcCTd2014-05-13iLF1l0oxxxx xxxxp44030-10r2020-06-25w2020-06-25y1ZNo se presta c43519d43519